Financial Literacy and financial well-being of kudumbashree neighbourhood group (Record no. 37986)
[ view plain ]
| 000 -LEADER | |
|---|---|
| fixed length control field | 00542nam a22001817a 4500 |
| 003 - CONTROL NUMBER IDENTIFIER | |
| control field | CUTN |
| 005 - DATE AND TIME OF LATEST TRANSACTION | |
| control field | 20220218110217.0 |
| 008 - FIXED-LENGTH DATA ELEMENTS--GENERAL INFORMATION | |
| fixed length control field | 220218b ||||| |||| 00| 0 eng d |
| 041 ## - LANGUAGE CODE | |
| Language | English |
| 082 ## - DEWEY DECIMAL CLASSIFICATION NUMBER | |
| Classification number | 380 |
| 100 ## - MAIN ENTRY--PERSONAL NAME | |
| Personal name | Arjun, TP (M191702) |
| 245 ## - TITLE STATEMENT | |
| Title | Financial Literacy and financial well-being of kudumbashree neighbourhood group |
| Remainder of title | The case of panagad grama panchayat in Kerala |
| 250 ## - EDITION STATEMENT | |
| Edition statement | Thiruvarur |
| 260 ## - PUBLICATION, DISTRIBUTION, ETC. (IMPRINT) | |
| Place of publication, distribution, etc | Central University of Tamil Nadu |
| Name of publisher, distributor, etc | July,2021 |
| 300 ## - PHYSICAL DESCRIPTION | |
| Extent | 158p, |
| 690 ## - LOCAL SUBJECT ADDED ENTRY--TOPICAL TERM (OCLC, RLIN) | |
| Department Name | Rameshkumar,S |
| 942 ## - ADDED ENTRY ELEMENTS (KOHA) | |
| Source of classification or shelving scheme | Dewey Decimal Classification |
| Koha item type | Thesis/Dissertation & Project |
| Withdrawn status | Lost status | Source of classification or shelving scheme | Damaged status | Not for loan | Collection code | Home library | Location | Shelving location | Date of Cataloging | Total Checkouts | Full call number | Barcode | Date last seen | Price effective from | Koha item type | Public note |
|---|---|---|---|---|---|---|---|---|---|---|---|---|---|---|---|---|
| Dewey Decimal Classification | Not For Loan | Reference | CUTN Central Library | CUTN Central Library | Thesis, Dissertation & Project | 18/02/2022 | 380 ARJ | M026 | 18/02/2022 | 18/02/2022 | Thesis/Dissertation & Project | Dissertation- Commerce |
